000 01052nas a2200325 i 4500
001 2905
003 ES-MaACL
005 20250729062617.0
007 t|
008 050121d19892003sp q| | 0 ||pa d
022 _a1131-7736
080 _a(460)
080 _a008
080 _a32
245 0 0 _aVeintiuno
_b: revista de pensamiento y cultura.
260 _aMadrid :
_bFundación Cánovas del Castillo,
_c1989-2003.
300 _a7 v. ;
_c25 cm.
310 _aTrimestral
362 0 _aNº 1 (primavera 1989)-nº 57 (primavera 2003)
650 7 _aCultura
_2embne
_9170963
650 7 _aPolítica
_2embne
_9140345
655 7 _2tgfbne
_9226866
_aRevistas
710 2 _aFundación Cánovas del Castillo.
_94244
852 _aES-MaACL
_jHEM-H-4
_dOlim: HEM-2091
_cHEM
_93016
856 _uhttps://dialnet.unirioja.es/servlet/revista?codigo=3295
_ySumarios de la revista en Dialnet
866 0 _o(1989)(1991-93)(1995-96)(1998-99)2000(2001)2002-2003
942 _2udc
_cPERIODICA
999 _c2905
_d2905